Les 100 1er mots de Hungers Games 1 - Statistiques

Statistiques générales
  • Ce quiz a été pris 802 fois
  • Le résultat moyen est 46 sur 100
Statistiques - réponses
Réponse % Correct
82 | 85 l'
87%
11 | 49 Je
85%
13 | 20 | 68 je
85%
1 A
84%
29 | 57 a
84%
64 | 84 à
84%
38 | 44 le
79%
96 Le
79%
15 | 23 | 47 | 62 la
77%
71 Ma
77%
77 ma
77%
17 | 40 | 46 | +2 others de
73%
50 me
72%
55 Il
68%
18 | 74 Prim ,
68%
99 Prim
68%
28 Elle
58%
8 est
58%
100 est ...
58%
35 et
58%
48 Moisson.
58%
2 mon
58%
73 sœur
56%
32 | 53 un
54%
69 les
53%
78 mère ,
53%
45 jour
50%
19 mais
49%
72 petite
48%
6 | 26 du
47%
30
47%
34 rêve
46%
83 une
46%
7 | 39 lit
41%
88 son
41%
37 | 61 dans
39%
87 Dans
39%
66 pour
39%
3 réveil ,
39%
43 c'est
37%
22 | 67 que
37%
31 faire
36%
86 autre .
35%
41 maman .
35%
90 maman
35%
33 mauvais
31%
9 tout
31%
56 y
31%
10 froid .
30%
52 sur
30%
5 cote
27%
92 plus
26%
63 chambre
21%
14 cherche
18%
4 l'autre
18%
16 chaleur
16%
79 leurs
16%
94 moins
16%
89 sommeil ,
16%
65 coucher
15%
93 jeune ,
15%
42 Normal :
15%
97 visage
15%
70 voie .
14%
76 contre
13%
60 lumière
13%
27 matelas .
13%
12 tâtonne ,
13%
81 collées
12%
54 coude .
12%
36 grimper
11%
24 grosse
11%
91 parait
11%
51 redresse
11%
25 toile
11%
80 joues
10%
21 n'attrape
10%
58 suffisamment
10%
75 pelotonnée
9%
95 usées .
7%
Aucun quiz correspondant
Distribution des résultats
% des personnes avec chaque résultat
Percentile par nombre de réponses
Votre historique - résultats
Vous n’avez pas pris ce quiz